|
|
|
|
| LEADER |
00000nab a2200000 a 4500 |
| 001 |
vtls000792326 |
| 003 |
SK-MaSNL |
| 005 |
20260304121803.0 |
| 008 |
250429c xo 0 slo |
| 015 |
|
|
|a SNBRB2002/04-14290
|
| 035 |
|
|
|a CLN000143981
|
| 035 |
|
|
|a (urnnbn)urn:nbn:sk:snk:ar-00716e
|
| 035 |
|
|
|a (uuid)88bd4044-5070-4065-961c-60424f6ea417
|
| 035 |
|
|
|a urn:nbn:sk:snk-ab89xy
|
| 040 |
|
|
|a SNKBUCL
|b slo
|c SNKBUCL
|e AACR2
|
| 041 |
0 |
|
|a slo
|
| 044 |
|
|
|a xo
|c SK
|
| 080 |
|
|
|a 528-051
|2 1997
|
| 080 |
|
|
|a 347.235-051
|2 1997
|
| 080 |
|
|
|a 929 Rolko, Vladimír
|2 1997
|
| 245 |
0 |
0 |
|a K šesťdesiatke Ing. Vladimíra Rolku
|
| 600 |
1 |
7 |
|a Rolko, Vladimír
|d 1940-
|2 snkbucl
|9 1426966
|
| 655 |
|
7 |
|a články z novín a časopisov
|2 snkbucl
|9 267496
|
| 773 |
0 |
|
|t Geodetický a kartografický obzor
|g Roč. 47 (89), č. 11 (2001), s. 301-302
|x 0016-7096
|
| 850 |
|
|
|a Slovenská národná knižnica
|
| 852 |
|
|
|a Slovenská národná knižnica
|
| 954 |
|
|
|a odborná, vedecká literatúra pôvodná (slovenská)
|2 lita
|
| 958 |
|
|
|a article9
|
| 958 |
|
|
|a OND
|
| 958 |
|
|
|a SK
|
| 958 |
|
|
|a BX
|
| 958 |
|
|
|a EUIPO
|
| 992 |
|
|
|a RBX
|
| 999 |
|
|
|c 2886972
|d 2888902
|